[Event "8th ch-Euro"]
[Site "Dresden GER"]
[Date "2007.04.08"]
[Round "6"]
[White "Markus,Rob"]
[Black "Vallejo Pons,F"]
[Result "1-0"]
[WhiteElo "2560"]
[BlackElo "2679"]

1.d4 Nf6 2.c4 e6 3.Nf3 d5 4.Nc3 Bb4 5.Qa4+ Nc6 6.Bg5 dxc4 7.a3 Bxc3+ 8.bxc3 Qd5
9.Bxf6 gxf6 10.Qc2 Na5 11.e4 Qc6 12.Be2 b6 13.d5 Qc5 14.O-O Bd7 15.dxe6 fxe6
16.e5 f5 17.Ng5 Rg8 18.Bh5+ Ke7 19.Qd2 Qxe5 20.Rad1 Qd6 21.Qe3 f4 22.Qe4 Rxg5
23.Qxh7+ Kd8 24.Rxd6 cxd6 25.h4 Rc5 26.Qh8+ Kc7 27.Qxa8 Rxh5 28.Qxa7+ Kc6
29.Qa8+ Kc7 30.g3 Nc6 31.Rd1 d5 32.Qf8 Rf5 33.Qg7 Kd6 34.g4  1-0

[Event "8th ch-Euro"]
[Site "Dresden GER"]
[Date "2007.04.09"]
[Round "7"]
[White "Vallejo Pons,F"]
[Black "Neverov,V"]
[Result "1/2-1/2"]
[WhiteElo "2676"]
[BlackElo "2540"]

1.c4 Nf6 2.Nc3 d5 3.cxd5 Nxd5 4.g3 g6 5.Bg2 Nxc3 6.bxc3 Bg7 7.Rb1 Nd7 8.h4 c6
9.Qb3 Nc5 10.Qa3 Bf5 11.Rxb7 Nxb7 12.Bxc6+ Kf8 13.Bxb7 Rb8 14.Bg2 Rb1 15.Nf3 Qa5
16.O-O Qxa3 17.Bxa3 Rxf1+ 18.Kxf1 Be6 19.Bc5 Bxa2 20.Bxa7 Bd5 21.Bc5 Ke8
22.Bb4 Kd7 23.Ng5 Bxg2+ 24.Kxg2 f5 25.d4 Bf6 26.Nf3 Ra8 27.e3 Ra2 28.Ne1 e5
29.Nd3 Ke6 30.Bc5 Rc2 31.dxe5 Bxe5 32.Bd4 Bd6 33.Kf3 Rd2 34.Ne1 Kd5 35.Kg2 Be7
36.Nf3 Rc2 37.Ne5 Ke6 38.Kf3 Bd6 39.Nd3 Rd2 40.Nc1 Rc2 41.Ne2 Kd5 42.Ng1 Be5
43.Nh3 h6 44.g4 Ke6 45.g5 hxg5 46.Nxg5+ Kd5 47.Nf7 Bxd4 48.cxd4 Ke6 49.Ne5 Kf6
50.Nd7+ Ke6 51.Nb6 Rd2 52.Kg3 Re2 53.Nc4 Kf6 54.Ne5 Ra2 55.Nd3 Ra7 56.Nf4 Ra6
57.Nh3 Ra8 58.Ng5 Re8 59.Kf4 Rh8 60.Nf3 Rh7 61.Kg3 Ra7 62.Ng5 Ra8 63.f3 Ra3
64.Kf4 Ra5 65.Nh3 Ra2 66.Kg3 Ra1 67.Nf4 Rg1+ 68.Ng2 Rd1 69.Nf4 Rg1+ 70.Kh2 Rd1
71.Kg2 Rd2+ 72.Kg3 Rd1 73.Kf2 Rb1 74.Ng2 Ra1 75.Kg3 Ra2 76.Nf4 Ra1 77.Nd5+ Kf7
78.Nb6 Kf6 79.Kf4 Rb1 80.Nd7+ Ke7 81.Ne5 Kf6 82.Kg3 Rg1+ 83.Kf2 Rh1 84.Kg3 Rg1+
85.Kh2 Re1 86.Nc4 Rc1 87.Nb6 Re1 88.Kg2 Ke6 89.Nc4 Re2+ 90.Kg3 Kf6 91.Nb6 Re1
92.Nd5+ Ke6 93.Nb6 Kf6 94.Nc4 Rg1+ 95.Kh2 Rc1 96.Nb6 Rd1 97.Kg2 Rd2+ 98.Kg3 Rd1
99.Nd7+ Ke7 100.Ne5 Kf6 101.Nc6 Rg1+ 102.Kf2 Rh1 103.Kg3 Rg1+ 104.Kf2 Rh1
105.Kg3  1/2-1/2

[Event "8th ch-Euro"]
[Site "Dresden GER"]
[Date "2007.04.11"]
[Round "8"]
[White "Shanava,K"]
[Black "Vallejo Pons,F"]
[Result "1/2-1/2"]
[WhiteElo "2532"]
[BlackElo "2676"]

1.e4 Nf6 2.e5 Nd5 3.d4 d6 4.Nf3 g6 5.Bc4 Nb6 6.Bb3 Bg7 7.Qe2 Nc6 8.O-O O-O
9.c3 Bg4 10.Bf4 a5 11.Na3 a4 12.Bc2 dxe5 13.dxe5 Ra5 14.h3 Bxf3 15.Qxf3 Bxe5
16.Be3 Bg7 17.Rad1 Qc8 18.Rfe1 e6 19.Bxb6 cxb6 20.Nc4 Ra6 21.Nd6 Qb8 22.Be4 a3
23.b4 Ne5 24.Qe2 Ra7 25.Nb5 Ra6 26.Nd6 Qc7 27.f4 Nd7 28.Nb5 Qc8 29.Qf3 Qc4
30.Bxb7 Qxb5 31.Bxa6 Qxa6 32.Rxd7 Qc4 33.Qe2 Qxc3 34.Rb1 h5 35.Rb3 Qc1+ 36.Qf1 Qc6
37.Rd1 Bb2 38.Kh1 Rc8 39.Rbd3 Qe4 40.Rd8+ Rxd8 41.Rxd8+ Kg7 42.b5 Qc2 43.Qd1 Qc4
44.Qd6 Qxb5 45.Rb8 Qc4 46.Kh2 h4 47.Qf8+ Kf6 48.Qd8+ Kf5 49.Qg5+ Ke4 50.Rxb6 Bd4
51.Rb1 Qc3 52.Qxh4 Be3 53.Kh1 Qd2 54.Qg3 Qxa2 55.Re1 Qb3 56.Qf3+ Kd4 57.Rd1+ Kc5
58.Re1 a2 59.Kh2 Kd6  1/2-1/2

[Event "TCh-ITA"]
[Site "Palermo ITA"]
[Date "2007.04.20"]
[Round "1"]
[White "Spada,A"]
[Black "Vallejo Pons,F"]
[Result "0-1"]
[WhiteElo "2100"]
[BlackElo "2676"]

1.d4 Nf6 2.e3 g6 3.Nf3 Bg7 4.Be2 d6 5.c4 O-O 6.Nc3 Nbd7 7.b4 e5 8.Qb3 Re8
9.c5 Qe7 10.cxd6 cxd6 11.Bb2 Nb6 12.d5 e4 13.Nd4 a6 14.a4 h5 15.a5 Nbd7 16.Na4 Nh7
17.Rc1 Qg5 18.Kf1 h4 19.h3 Nhf6 20.Rc7 Nxd5 21.Rxc8 Raxc8 22.Bc4 Rxc4 23.Qxc4 Qxe3
24.Qxd5 Qd3+ 25.Kg1 e3 26.f4 e2 27.Kh2 Qg3+ 28.Kg1 e1=Q+  0-1

[Event "TCh-ITA"]
[Site "Palermo ITA"]
[Date "2007.04.20"]
[Round "2"]
[White "Vallejo Pons,F"]
[Black "Huebner,R"]
[Result "1-0"]
[WhiteElo "2676"]
[BlackElo "2608"]

1.Nf3 Nf6 2.d4 d5 3.c4 c6 4.e3 Bf5 5.Nc3 e6 6.Nh4 Bg6 7.a3 Nbd7 8.g3 Be7
9.Nxg6 hxg6 10.f4 Ne4 11.Nxe4 dxe4 12.c5 g5 13.fxg5 Bxg5 14.Bg2 Qe7 15.Bxe4 e5
16.O-O O-O-O 17.Qf3 Qf6 18.d5 Qxf3 19.Bxf3 Nxc5 20.e4 Bf6 21.Be3 Nb3 22.Rad1 Nd4
23.Bg4+ Kb8 24.dxc6 bxc6 25.h4 Rhf8 26.Rc1 Be7 27.Rc4 c5 28.Kg2 f6 29.h5 Rh8
30.Rfc1 Bd6 31.b4 cxb4 32.axb4 Rhe8 33.Kh3 Kb7 34.Bxd4 exd4 35.Rxd4 Be5 36.Rd5 Rxd5
37.exd5 Bd6 38.b5 Re3 39.Bc8+ Ka8 40.Ba6 Rxg3+ 41.Kh4 Rd3 42.Rc8+ Bb8 43.Rd8 Rd4+
44.Kh3 f5 45.Rd7 Be5 46.Rd8+ Bb8 47.Rd7 Be5 48.Re7 Re4 49.Re8+ Bb8 50.Rf8 f4
51.Rf7 Be5 52.Kg4 Re3 53.Rd7  1-0

[Event "TCh-ITA"]
[Site "Palermo ITA"]
[Date "2007.04.21"]
[Round "4"]
[White "Vallejo Pons,F"]
[Black "Lostuzzi,M"]
[Result "1-0"]
[WhiteElo "2676"]
[BlackElo "2406"]

1.Nf3 Nf6 2.d4 c5 3.d5 b5 4.Bg5 d6 5.e4 Nxe4 6.Bxb5+ Bd7 7.Bd3 Nf6 8.O-O g6
9.Bxf6 exf6 10.Qd2 h6 11.Re1+ Be7 12.Na3 Kf8 13.Re3 f5 14.Nc4 Bf6 15.Nxd6 Bxb2
16.Rae1 Qf6 17.Ne8 Qb6 18.Bc4 g5 19.d6  1-0

[Event "TCh-ITA"]
[Site "Palermo ITA"]
[Date "2007.04.22"]
[Round "5"]
[White "Vallejo Pons,F"]
[Black "Bentivegna,F"]
[Result "1-0"]
[WhiteElo "2676"]
[BlackElo "2287"]

1.c4 e5 2.g3 Nf6 3.Bg2 c6 4.d4 exd4 5.Qxd4 d5 6.Nf3 Be6 7.cxd5 cxd5 8.O-O Nc6
9.Qa4 Bc5 10.Ne5 O-O 11.Nxc6 Qd7 12.Bg5 Qxc6 13.Nc3 Qxa4 14.Nxa4 Be7 15.Rfd1 Rac8
16.Nc3 h6 17.Be3 Bc5 18.Bxc5 Rxc5 19.Rd2 Re8 20.Rad1 Bg4 21.f3 Be6 22.Kf2 Rec8
23.Rd4 Kf8 24.h3 Rc4 25.f4 g5 26.Rxc4 Rxc4 27.fxg5 hxg5 28.Nxd5 Bxd5 29.Bxd5 Rc2
30.b4 Nxd5 31.Rxd5 g4 32.h4 Rxa2 33.Rg5 Ra4 34.Rxg4 a5 35.Rg5 Rxb4 36.Rxa5 Kg7
37.Kf3 b5 38.e4 f6 39.Ra7+ Kg6 40.g4 Rb1 41.h5+ Kg5 42.Rg7+ Kh4 43.h6  1-0

[Event "TCh-ESP Honor Gp2"]
[Site "Torrelavega ESP"]
[Date "2007.06.27"]
[Round "1"]
[White "Gurevich,M"]
[Black "Vallejo Pons,F"]
[Result "1/2-1/2"]
[WhiteElo "2635"]
[BlackElo "2676"]

1.d4 d5 2.c4 c6 3.Nf3 Nf6 4.Qb3 dxc4 5.Qxc4 Bf5 6.Nc3 e6 7.g3 Nbd7 8.Bg2 Be7
9.O-O O-O 10.Re1 Bg6 11.e4 b5 12.Qxc6 b4 13.e5 bxc3 14.exf6 cxb2 15.fxe7 bxa1=Q
16.exd8=Q Raxd8 17.Bg5 Qb2 18.Bxd8 Rxd8 19.d5 Nf8  1/2-1/2

[Event "TCh-ESP Honor Gp2"]
[Site "Torrelavega ESP"]
[Date "2007.06.29"]
[Round "3"]
[White "Aagaard,J"]
[Black "Vallejo Pons,F"]
[Result "1-0"]
[WhiteElo "2477"]
[BlackElo "2676"]

1.e4 c5 2.Nf3 e6 3.d4 cxd4 4.Nxd4 Nf6 5.Nc3 d6 6.Be2 a6 7.O-O Nbd7 8.f4 b5
9.Bf3 Bb7 10.Qe2 b4 11.Nd1 e5 12.Nf5 g6 13.fxe5 Nxe5 14.Nh6 a5 15.Nf2 Ba6
16.Nd3 Nfd7 17.Be3 Bg7 18.Rad1 Qe7 19.Qf2 Rc8 20.Rfe1 Qf6 21.Nxe5 Nxe5 22.Ng4 Nxf3+
23.gxf3 Qxb2 24.Rxd6 Bc4 25.Nh6 Be6 26.Red1 Qxc2 27.Qxc2 Rxc2 28.Bg5  1-0

[Event "IV Open"]
[Site "Calvia ESP"]
[Date "2007.10.15"]
[Round "1"]
[White "Vallejo Pons,F"]
[Black "Farrell,N"]
[Result "1-0"]
[WhiteElo "2660"]
[BlackElo "2194"]

1.Nf3 Nf6 2.c4 c5 3.Nc3 Nc6 4.d4 cxd4 5.Nxd4 e6 6.a3 d5 7.cxd5 exd5 8.Bg5 Be7
9.e3 O-O 10.Be2 Ne5 11.O-O Ng6 12.Qb3 Be6 13.Qxb7 h6 14.Nc6 Qc8 15.Nxe7+ Nxe7
16.Qxc8 Rfxc8 17.Bxf6 gxf6 18.Rfc1 a5 19.Bb5 Nf5 20.Ne2 Rcb8 21.a4 Rb6 22.Rc5 Kf8
23.Rd1 Rab8 24.h3 R8b7 25.Nc3 Ne7 26.Kh2 Kg7 27.Ne2 Nf5 28.g4 Nd6 29.Nc3 Ne4
30.Nxe4 dxe4 31.Rd4 Kf8 32.Kg3 Ke7 33.Rxe4  1-0

[Event "IV Open"]
[Site "Calvia ESP"]
[Date "2007.10.16"]
[Round "2"]
[White "Fernandez Romero,Ern"]
[Black "Vallejo Pons,F"]
[Result "0-1"]
[WhiteElo "2459"]
[BlackElo "2660"]

1.e4 c5 2.Nf3 Nc6 3.Nc3 d6 4.d4 cxd4 5.Nxd4 e6 6.Be3 Nf6 7.Qd2 Be7 8.f3 O-O
9.O-O-O a6 10.h4 Nxd4 11.Bxd4 b5 12.Kb1 Bb7 13.g4 Nd7 14.Qf2 Rc8 15.Bd3 e5
16.Be3 Rxc3 17.bxc3 Qc7 18.Qd2 Nc5 19.Be2 Na4 20.c4 d5 21.exd5 Bxd5 22.Ka1 Bxc4
23.Bxc4 Qxc4 24.Qd3 Qc6 25.Bc1 e4 26.fxe4 Bf6+ 27.c3 Nxc3 28.Rde1 Nxe4+  0-1

[Event "IV Open"]
[Site "Calvia ESP"]
[Date "2007.10.17"]
[Round "3"]
[White "Vallejo Pons,F"]
[Black "Cabrera,Al"]
[Result "1-0"]
[WhiteElo "2660"]
[BlackElo "2499"]

1.d4 d5 2.Nf3 Nf6 3.c4 c6 4.e3 Bf5 5.Nc3 e6 6.Nh4 Bg6 7.Bd2 Nbd7 8.Nxg6 hxg6
9.g3 Be7 10.b3 a6 11.Bg2 b5 12.Rb1 O-O 13.O-O Rb8 14.Qe2 Bb4 15.Nxd5 Nxd5
16.cxd5 Bxd2 17.dxe6 Bb4 18.exd7 Qxd7 19.a3 Bxa3 20.b4 Qd6 21.Ra1 Bxb4 22.Rxa6 Rfc8
23.Rc1 Ba3 24.Rcxc6 Rxc6 25.Rxc6 Qe7 26.Bd5 Bd6 27.e4 Bc7 28.Rxg6 Rb6 29.Qg4 Rxg6
30.Qxg6 Qd7 31.Qa6 b4 32.Qb7 Qe7 33.h4 g6 34.e5 Kg7 35.Kg2 f6 36.f4 fxe5
37.dxe5 Qc5 38.Qc6 Qe7 39.Qe6 Qxe6 40.Bxe6 Bd8 41.Bb3 Be7 42.Kh3 Bd8 43.g4 Bc7
44.g5 Bb6 45.h5  1-0

[Event "IV Open"]
[Site "Calvia ESP"]
[Date "2007.10.18"]
[Round "4"]
[White "Arencibia Rodriguez,W"]
[Black "Vallejo Pons,F"]
[Result "0-1"]
[WhiteElo "2562"]
[BlackElo "2660"]

1.e4 e5 2.Nf3 Nc6 3.Bb5 a6 4.Ba4 Nf6 5.O-O Nxe4 6.d4 b5 7.Bb3 d5 8.dxe5 Be6
9.c3 Be7 10.Be3 Nc5 11.Bc2 Nd7 12.Bd4 g5 13.Qe2 g4 14.Ne1 Nxd4 15.cxd4 c5
16.dxc5 Bxc5 17.Nd3 Bd4 18.Nd2 Rc8 19.Nb3 Bb6 20.Rad1 Rc4 21.g3 Qg5 22.Qd2 Nxe5
23.Nxe5 Qxe5 24.Bd3 Ra4 25.Nc1 h5 26.Bc2 h4 27.Nd3 Qf6 28.Bxa4 hxg3 29.Qf4 gxf2+
30.Rxf2 Qxf4 31.Nxf4 bxa4 32.Rd2 Kd7 33.Kf1 Bxf2 34.Rxf2 Kd6 35.Ke1 d4 36.Rd2 Bf5
37.Rxd4+ Ke5 38.Rxa4 Rxh2 39.Ne2 Bd3 40.Nc1 Be4 41.Ra5+ Kf4 42.Rxa6 Rh1+
43.Kd2 Rxc1 44.Kxc1 g3 45.Rf6+ Bf5 46.Rd6 g2 47.Rd1 Ke3 48.a4 Bd3 49.Re1+ Kf2
50.Kd2 f5 51.b4 f4  0-1

[Event "IV Open"]
[Site "Calvia ESP"]
[Date "2007.10.21"]
[Round "7"]
[White "Larino Nieto,D"]
[Black "Vallejo Pons,F"]
[Result "1/2-1/2"]
[WhiteElo "2428"]
[BlackElo "2660"]

1.e4 c5 2.Nf3 Nc6 3.Nc3 d6 4.Bb5 e5 5.a4 Nf6 6.d3 Be7 7.Nd5 Nxd5 8.exd5 a6
9.Bc4 Na5 10.Ba2 b5 11.c3 c4 12.Nd2 cxd3 13.Bb1 Bd7 14.Bxd3 Rc8 15.O-O O-O
16.axb5 axb5 17.Qe2 Qb6  1/2-1/2

[Event "Magistral"]
[Site "Pamplona ESP"]
[Date "2007.12.24"]
[Round "3"]
[White "Beliavsky,A"]
[Black "Vallejo Pons,F"]
[Result "1/2-1/2"]
[WhiteElo "2646"]
[BlackElo "2660"]

1.d4 Nf6 2.c4 e6 3.Nf3 d5 4.g3 dxc4 5.Bg2 a6 6.O-O Nc6 7.e3 Bd7 8.Nc3 Nd5
9.e4 Nxc3 10.bxc3 Be7 11.d5 exd5 12.exd5 Na5 13.Ne5 O-O 14.Qh5 Bd6 15.Bg5 Qc8
16.Nxd7 Qxd7 17.Bf6 Rfe8 18.Bh3 Qa4 19.Bxg7 Kxg7 20.Qg5+ Kh8 21.Qf6+  1/2-1/2

[Event "IX EICC"]
[Site "Plovdiv BUL"]
[Date "2008.04.22"]
[Round "2"]
[White "Vallejo Pons,F"]
[Black "Mudelsee,M"]
[Result "1-0"]
[WhiteElo "2684"]
[BlackElo "2284"]

1.e4 c5 2.Ne2 d6 3.g3 Nc6 4.Bg2 g6 5.c3 Bg7 6.d4 e5 7.Be3 cxd4 8.cxd4 Nf6
9.d5 Ne7 10.f3 O-O 11.Nbc3 Nh5 12.g4 Nf4 13.Nxf4 exf4 14.Bxf4 f5 15.Be3 fxg4
16.O-O gxf3 17.Rxf3 Bd7 18.Rxf8+ Qxf8 19.Qb3 Be5 20.Qxb7 Qe8 21.Rf1 Rb8 22.Qxa7 Rxb2
23.Nd1 Rb4 24.Nf2 Ra4 25.Qb6 Rxa2 26.Nd3 Bg7 27.Nf4 Be5 28.Ne6 Bxe6 29.dxe6 g5
30.h3 Qc8 31.Bxg5 Rb2 32.Qa7 Rb7 33.Qf2 Nc6 34.Kh1 h6 35.e7  1-0

[Event "IX EICC"]
[Site "Plovdiv BUL"]
[Date "2008.04.23"]
[Round "3"]
[White "Bartel,Mat"]
[Black "Vallejo Pons,F"]
[Result "0-1"]
[WhiteElo "2588"]
[BlackElo "2684"]

1.d4 Nf6 2.c4 b6 3.Nc3 Bb7 4.Bg5 g6 5.f3 d5 6.cxd5 Nxd5 7.e4 Nxc3 8.bxc3 Bg7
9.Qd2 Qd6 10.Bb5+ c6 11.Bc4 c5 12.e5 Qc7 13.Rc1 Nc6 14.Ne2 Rd8 15.Qe3 Na5
16.Bd3 Bd5 17.Nf4 Bxa2 18.Bb5+ Kf8 19.Qe2 cxd4 20.Nd3 dxc3 21.O-O Bb3 22.f4 Rd5
23.Qe4 h6 24.Bh4 Kg8 25.Be8 e6 26.Nb4 Kh7 27.Bxf7 Qxf7 28.Nxd5 Bxd5 29.Qe3 Rc8
30.Rxc3 Rxc3 31.Qxc3 Nc4 32.Bf6 a5 33.g4 b5 34.Qd4 b4  0-1

[Event "IX EICC"]
[Site "Plovdiv BUL"]
[Date "2008.04.26"]
[Round "6"]
[White "Vallejo Pons,F"]
[Black "Kempinski,R"]
[Result "1/2-1/2"]
[WhiteElo "2684"]
[BlackElo "2595"]

1.d4 Nf6 2.c4 g6 3.Nc3 Bg7 4.e4 O-O 5.Be2 d6 6.Nf3 Na6 7.O-O e5 8.Be3 Ng4
9.Bg5 Qe8 10.Re1 f6 11.Bh4 h5 12.Bg3 Be6 13.h3 Nh6 14.c5 exd4 15.Nxd4 Nxc5
16.b4 Na6 17.Nd5 Bxd5 18.exd5 Qf7 19.Ne6 Rfe8 20.Rc1 Rac8 21.Bb5 Nf5 22.Bxe8 Rxe8
23.b5 Nc5 24.Nxc5 Rxe1+ 25.Qxe1 dxc5 26.Rxc5 Nxg3 27.fxg3 Bf8 28.Rc1 Bd6
29.Rd1 Be5 30.Qa5 Qe8 31.Qxa7 Qxb5 32.Qe3 Kg7 33.Qe4 Qc5+ 34.Kh1 Qf2 35.d6 Bxd6
36.Rxd6 cxd6 37.Qxb7+ Kh6 38.Qb3 f5 39.a4 f4 40.Kh2 Qd2 41.Qf3 fxg3+ 42.Qxg3 Qb4
43.Qe3+ Kh7 44.Qa7+ Kg8 45.a5 Qf4+ 46.Kh1 Qc1+ 47.Qg1 Qa3 48.Qe1 Kf7 49.Qf1+ Ke7
50.a6 d5 51.Qe2+ Kd6 52.Qb5 Qc1+ 53.Kh2 Qf4+ 54.Kg1 Qe3+ 55.Kf1 Qf4+ 56.Ke2 Qe4+
57.Kd1 Qd4+ 58.Kc2 Qe4+ 59.Kc1 Qe3+ 60.Kb2 Qd2+ 61.Ka3 Qc3+ 62.Ka2 Qc2+ 63.Ka3 Qc3+
64.Ka2 Qc2+ 65.Ka3  1/2-1/2

[Event "TCh-ESP Hon Gp1"]
[Site "Cala Mayor ESP"]
[Date "2008.09.04"]
[Round "2"]
[White "Vallejo Pons,F"]
[Black "Roiz,M"]
[Result "1-0"]
[WhiteElo "2650"]
[BlackElo "2680"]

1.Nf3 Nf6 2.c4 c6 3.Nc3 d5 4.e3 Nbd7 5.d4 e6 6.Qc2 Bd6 7.g4 h6 8.h3 b5 9.cxb5 c5
10.Bd2 Bb7 11.Rg1 Rc8 12.g5 hxg5 13.Nxg5 O-O 14.O-O-O Qb6 15.Kb1 cxd4 16.exd4 Qxd4
17.Nxe6 fxe6 18.Bh6 Rxc3 19.bxc3 Qh4 20.Rxg7+ Kh8 21.Qg6  1-0

[Event "TCh-ESP Hon Gp1"]
[Site "Cala Mayor ESP"]
[Date "2008.09.06"]
[Round "4"]
[White "Rublevsky,S"]
[Black "Vallejo Pons,F"]
[Result "1/2-1/2"]
[WhiteElo "2699"]
[BlackElo "2650"]

1.e4 e5 2.Bc4 Nf6 3.d3 c6 4.Nf3 d5 5.Bb3 Bb4+ 6.Bd2 Bxd2+ 7.Nbxd2 Nbd7 8.O-O O-O
9.Re1 Qc7 10.exd5 cxd5 11.c4 d4 12.c5 Nxc5 13.Rc1 Bg4 14.h3 Bxf3 15.Nxf3 Qb6
16.Rxe5 Rac8 17.Bc4 Qxb2 18.Rb1 Qc3 19.Re7 Rce8 20.Rxe8 Nxe8 21.Rc1 Qa3 22.Nxd4 Nd6
23.Nb5 Nxb5 24.Bxb5 a6 25.d4 Ne6 26.Bc4 Nxd4 27.Bxf7+ Rxf7 28.Rc8+ Rf8 29.Rxf8+ Kxf8
30.Qxd4 Qxa2 31.Qd8+ Kf7 32.Qc7+ Kf6 33.Qxb7 a5 34.Qf3+ Kg6 35.Qe4+ Kh6 36.f4 Qa1+
37.Kh2 Qf6 38.g4 g5 39.f5 Qd6+ 40.Kg2 Qd2+ 41.Kg1 Qc1+ 42.Kg2 Qd2+ 43.Kg1 Qc1+
44.Kg2  1/2-1/2

[Event "24th ECC"]
[Site "Kallithea GRE"]
[Date "2008.10.17"]
[Round "1"]
[White "Vallejo Pons,F"]
[Black "Hedman,E"]
[Result "1/2-1/2"]
[WhiteElo "2664"]
[BlackElo "2353"]

1.e4 c5 2.Ne2 Nf6 3.Nbc3 d5 4.exd5 Nxd5 5.Nxd5 Qxd5 6.d4 e5 7.dxe5 Qxe5 8.c3 Nc6
9.Bf4 Qe4 10.Be3 Bg4 11.Ng3 Qxe3+ 12.fxe3 Bxd1 13.Rxd1 Rd8 14.Rxd8+ Kxd8
15.Bc4 Ne5 16.Bd5 b6 17.Rf1 Ke8 18.a4 g6 19.Ke2 Bd6 20.Ne4 Be7 21.a5 f5 22.axb6 axb6
23.Nd2 Kd7 24.e4 Rf8 25.Ra1 Bd6 26.h3 Bc7 27.Ra7 h6 28.Bb3 Kd6 29.Ba4 Rg8
30.Bb5 Rf8 31.Ba4 Rc8 32.Ke3 Ke6 33.Bb5 Bd8 34.Ke2 Rb8 35.exf5+ Kxf5 36.Nf1 h5
37.Ne3+ Kf4 38.Ra4+ Kg3 39.Re4 Bc7 40.Kf1 Kh2 41.Be2 Rf8+ 42.Ke1 Bd6 43.Ra4 c4
44.Ra7 Bc5 45.Nc2 Kxg2 46.Nd4 Kxh3 47.Rh7 Kg3 48.Ne6 Bf2+ 49.Kd2 Rf5 50.Ng7 Rf8
51.Nxh5+ gxh5 52.Rxh5 Kf4 53.Kc2 Rf5 54.Rh3 Rf6 55.Rh8 Ke3 56.Bd1 Bg3 57.Rh3 Rf2+
58.Kb1 Rg2 59.Bc2 Nd3 60.Rh6 Kd2 61.Ba4 Bf2 62.Bb5 Rg4 63.Rh2 Rf4 64.Rg2 Ne1
65.Rh2 Kd3 66.Rh3+ Kd2 67.Rh2 Nd3 68.Rg2 Rh4 69.Ka2 Kc2 70.Ba4+ Kc1 71.Bb5 Re4
72.Rh2 Kc2 73.Ba4+ Kd2 74.Bb5 Ke1 75.Rh1+ Ke2 76.Kb1 Rg4 77.Ka2 Ne5 78.Rh6 Kf3
79.Re6 Kf4 80.Rf6+ Ke3 81.Rxb6 Ke4 82.Rb8 Kd5 83.Rc8 Bc5 84.Rd8+ Bd6 85.Rc8 Rg7
86.Ra8 Rb7 87.Be8 Nd3 88.Ra5+ Bc5 89.Rb5 Re7 90.Rb8 Kd6 91.Bb5 Ne5 92.Rd8+ Kc7
93.Re8 Kb6 94.Rxe7 Bxe7 95.Be8 Nd3 96.Bf7 Kc5 97.Kb1  1/2-1/2

[Event "24th ECC"]
[Site "Kallithea GRE"]
[Date "2008.10.18"]
[Round "2"]
[White "Novikov,Vit"]
[Black "Vallejo Pons,F"]
[Result "0-1"]
[WhiteElo "2325"]
[BlackElo "2664"]

1.e4 c5 2.Nf3 Nc6 3.Bb5 g6 4.Bxc6 bxc6 5.Nc3 Bg7 6.b3 e5 7.Bb2 d6 8.Qe2 a5
9.d3 Nf6 10.Nd2 O-O 11.Na4 Re8 12.O-O-O Rb8 13.c4 Nd7 14.Bc3 Nf8 15.Kb1 Ne6
16.g3 Nd4 17.Bxd4 cxd4 18.c5 d5 19.Rc1 Ba6 20.Ka1 dxe4 21.Nxe4 f5 22.Nd6 e4
23.Nb2 Re7 24.Nbc4 Qd7 25.Rhe1 Bf6 26.Qd1 a4 27.bxa4 Qa7 28.f3 exd3 29.Rxe7 Qxe7
30.Qxd3 Qe3 31.Rd1 Rb4 32.a3 Rxc4 33.Nxc4 Qxd3 34.Rxd3 Bxc4 35.Rd1 d3+ 36.Kb1 Bc3  0-1

[Event "24th ECC"]
[Site "Kallithea GRE"]
[Date "2008.10.23"]
[Round "7"]
[White "Vallejo Pons,F"]
[Black "Ivanisevic,I"]
[Result "1/2-1/2"]
[WhiteElo "2664"]
[BlackElo "2658"]

1.Nf3 d5 2.d4 Nf6 3.c4 e6 4.Nc3 c6 5.Bg5 dxc4 6.a4 Bb4 7.e4 c5 8.Bxc4 cxd4
9.Nxd4 h6 10.Bf4 Qe7 11.e5 Nd5 12.Bxd5 exd5 13.Nb5 a6 14.O-O axb5 15.Nxd5 Qd8
16.e6 O-O 17.Bc7 Qg5 18.e7 Re8 19.Nxb4 Bg4 20.Qd4 bxa4 21.h4 Qg6 22.Ra3 Nc6
23.Nxc6 Qxc6 24.Bd6 Ra6 25.Bb4 Qd7 26.Rd1 Qxd4 27.Rxd4 Be2 28.Rc3 Bb5 29.f4 f6
30.Kf2 Kf7 31.g4 Bc6 32.Re3 Rb6 33.g5 Rb5 34.Rg3 hxg5 35.hxg5 fxg5 36.fxg5 Rf5+
37.Ke3 Kg6 38.Rd6+ Kh5 39.Rd8 Re5+ 40.Kd2 Kg6 41.Rc3 R8xe7 42.Bxe7 Rxe7 43.Rc5 Re4
44.Rd6+ Kh5 45.g6+  1/2-1/2

[Event "38th Olympiad"]
[Site "Dresden GER"]
[Date "2008.11.14"]
[Round "2"]
[White "Saric,Ib"]
[Black "Vallejo Pons,F"]
[Result "1/2-1/2"]
[WhiteElo "2559"]
[BlackElo "2664"]

1.Nf3 d5 2.d4 Nf6 3.c4 e6 4.Bf4 Bb4+ 5.Nbd2 dxc4 6.a3 Bxd2+ 7.Bxd2 Qd5 8.e3 Nbd7
9.a4 a6 10.Be2 b5 11.axb5 axb5 12.Rxa8 Qxa8 13.b3 Nb6 14.Ne5 Nfd7 15.Nxd7 Bxd7
16.O-O O-O 17.bxc4 bxc4 18.Qc2 Rb8 19.Rb1 Ba4 20.Qc1 Bb3 21.Ra1 Qc6 22.Bf3 Qd6
23.Ra6 h6 24.h3 Qd7 25.Qa1 Bc2 26.Qa5 Bd3 27.Ra7 Nd5 28.Ra8 Rxa8 29.Qxa8+ Kh7
30.Qa7 Qc6 31.Qa3 Bg6 32.e4 Nb6 33.d5 exd5 34.exd5 Qb5 35.Qe7 Qb1+ 36.Kh2 Qd3
37.Bf4 Nxd5 38.Bxd5 Qxd5 39.Qxc7 Qd4 40.f3 f6 41.Bd6 c3 42.Bf8 f5 43.Qd6 Qc4
44.Qe5 Qg8 45.Bb4 c2 46.Ba3 Qf7 47.Bc1 Qd7 48.Bb2 Bh5 49.Qc3 Qd6+  1/2-1/2

[Event "38th Olympiad"]
[Site "Dresden GER"]
[Date "2008.11.16"]
[Round "4"]
[White "Khenkin,I"]
[Black "Vallejo Pons,F"]
[Result "1/2-1/2"]
[WhiteElo "2647"]
[BlackElo "2664"]

1.d4 d5 2.c4 dxc4 3.Nf3 c5 4.e3 e6 5.Bxc4 Nf6 6.O-O a6 7.dxc5 Bxc5 8.Qxd8+ Kxd8
9.Ne5 Ke7 10.Be2 Bd7 11.Bf3 Nc6 12.Nxd7 Nxd7 13.Bxc6 bxc6 14.Bd2 Rhb8 15.Bc3 g5
16.Rc1 a5 17.Nd2 Bb4 18.Bxb4+ Rxb4 19.Rc2 c5 20.Nc4 a4 21.Kf1 Ra7 22.Ke2 Rc7
23.h4 gxh4 24.Rh1 Rcb7 25.Rxh4 Ne5 26.b3 Nxc4 27.Rcxc4 Rxc4 28.Rxc4 axb3
29.axb3 Rxb3 30.Rxc5 Kf6  1/2-1/2

[Event "38th Olympiad"]
[Site "Dresden GER"]
[Date "2008.11.22"]
[Round "9"]
[White "Vallejo Pons,F"]
[Black "Ali,Ab"]
[Result "1-0"]
[WhiteElo "2664"]
[BlackElo "2130"]

1.d4 Nf6 2.Nf3 e6 3.g3 b6 4.Bg2 Bb7 5.c4 Bb4+ 6.Nbd2 O-O 7.O-O d5 8.cxd5 exd5
9.a3 Bd6 10.Ne5 c5 11.Ndc4 Bc7 12.dxc5 bxc5 13.Nd3 Nbd7 14.Nf4 Nb6 15.Na5 Ba6
16.b4 Be5 17.Nc6 Qc7 18.Nxe5 Qxe5 19.Rb1 c4 20.Be3 Rad8 21.Bd4 Qc7 22.e3 Ne4
23.Qc2 f5 24.Ne6 Qd7 25.Nxf8 Rxf8 26.f3 Nd6 27.Bc5 Bb5 28.e4 Na4 29.exd5 Rc8
30.Qf2 a6 31.Rfe1 Nb7 32.Re7 Qxd5 33.f4 Qd3 34.Bxb7 Qxb1+ 35.Re1 Qd3 36.Bxc8  1-0

[Event "38th Olympiad"]
[Site "Dresden GER"]
[Date "2008.11.25"]
[Round "11"]
[White "Vallejo Pons,F"]
[Black "Svidler,P"]
[Result "1/2-1/2"]
[WhiteElo "2664"]
[BlackElo "2727"]

1.d4 Nf6 2.c4 g6 3.Nc3 d5 4.Nf3 Bg7 5.Bg5 Ne4 6.Bf4 Nxc3 7.bxc3 c5 8.e3 Nc6
9.cxd5 Qxd5 10.Be2 cxd4 11.cxd4 O-O 12.O-O Bf5 13.Qa4 Qa5 14.Qb3 Qb4 15.Rfc1 a6
16.h3 Rac8 17.g4 Be4 18.Qd1 Rfd8 19.a3 Qa5 20.Nd2 Bd5 21.Rc5 Qb6 22.Rb1 Qa7
23.Rbc1 e6 24.Bf3 Qa8 25.Bg5 f6 26.Bh4 g5 27.Bg3 Ne7 28.e4 Rxc5 29.Rxc5 Bc6
30.Qb3 Rxd4 31.Qxe6+ Kh8 32.Nb3 Rd3 33.Be2 Rxg3+ 34.fxg3 Qd8 35.Kh2 Ng6 36.Rxc6 bxc6
37.Bxa6 Bf8 38.Qxc6  1/2-1/2

[Event "Bundesliga 2008-9"]
[Site "Baden Baden GER"]
[Date "2008.11.30"]
[Round "6"]
[White "Beikert,G"]
[Black "Vallejo Pons,F"]
[Result "0-1"]
[WhiteElo "2470"]
[BlackElo "2664"]

1.d4 Nf6 2.Nf3 e6 3.c4 d5 4.Nc3 c6 5.cxd5 exd5 6.Qc2 Bg4 7.Ne5 Bh5 8.Bg5 Be7
9.e3 Bg6 10.Nxg6 hxg6 11.O-O-O Nbd7 12.f3 Nf8 13.e4 Ne6 14.Be3 a6 15.Kb1 Rc8
16.Be2 b5 17.e5 Nd7 18.f4 Nb6 19.f5 gxf5 20.Qxf5 g6 21.Qc2 Nc4 22.Bf2 Rb8
23.Ka1 a5 24.h4 a4 25.h5 g5 26.h6 Qd7 27.h7 Nf4 28.Rh6 Bf8 29.Rf6 Bg7 30.Rf5 Qe7
31.Bf1 Ra8 32.g3 Ne6 33.Be2 Rxh7 34.Rxf7 Qxf7 35.Qxh7 Ke7 36.Qh2 a3 37.b3 Nxe5
38.Bxb5 Ng4  0-1

[Event "10th EICC"]
[Site "Budva MNE"]
[Date "2009.03.06"]
[Round "1"]
[White "Vallejo Pons,F"]
[Black "Doric,D"]
[Result "1/2-1/2"]
[WhiteElo "2702"]
[BlackElo "2477"]

1.d4 Nf6 2.c4 e6 3.Nc3 Bb4 4.e3 c5 5.Bd3 d5 6.cxd5 exd5 7.Ne2 O-O 8.O-O Re8
9.a3 Bxc3 10.Nxc3 cxd4 11.exd4 h6 12.Bf4 Nc6 13.Nb5 Re7 14.Bd6 Re6 15.Bg3 Ne8
16.Rc1 a6 17.Nc3 Nf6 18.Bb1 Qb6 19.Ba2 Qxb2 20.Nxd5 Nxd4 21.Nc7 Ne2+ 22.Kh1 Qxa2
23.Rc2 Nxg3+ 24.hxg3 Qxa3 25.Qd8+ Qf8 26.Qxf8+ Kxf8 27.Nxa8 Bd7 28.Rc7 Bc6
29.Rd1 Nd5 30.Rc8+ Re8 31.Rxe8+ Kxe8 32.Rxd5 Bxd5 33.Nc7+ Kd7 34.Nxd5 Kc6
35.Ne3 Kc5 36.Kg1 Kd4 37.Kf1 Kd3 38.Nd5 Kc4 39.Nb6+ Kc5 40.Nd7+ Kd6 41.Nb6 Kc5
42.Nd7+ Kd6  1/2-1/2

[Event "10th EICC"]
[Site "Budva MNE"]
[Date "2009.03.11"]
[Round "6"]
[White "Brkic,A"]
[Black "Vallejo Pons,F"]
[Result "1-0"]
[WhiteElo "2550"]
[BlackElo "2702"]

1.e4 e5 2.Nf3 Nc6 3.Bc4 Bc5 4.c3 Nf6 5.d3 a6 6.Bb3 Ba7 7.O-O d6 8.Re1 h6
9.Nbd2 Be6 10.Nf1 O-O 11.h3 Re8 12.Be3 Bxe3 13.Nxe3 Qd7 14.Nh4 g6 15.Qf3 Kg7
16.Rad1 Nh7 17.Qg3 Kh8 18.Rf1 Rg8 19.Bxe6 Qxe6 20.Nd5 Qd7 21.Qe3 Kg7 22.f4 Ne7
23.Nxe7 Qxe7 24.Qg3 Kh8 25.Rf2 exf4 26.Rxf4 Ng5 27.Rdf1 Rg7 28.Qf2 Kg8 29.a3 Rf8
30.Kh1 c6 31.Rf6 Ne6 32.Rf3 Qd8 33.Qg3 Qg5 34.Qf2 d5 35.Rf6 Nc7 36.e5 Ne8
37.Nf3 Qh5 38.Kh2  1-0

[Event "10th EICC"]
[Site "Budva MNE"]
[Date "2009.03.12"]
[Round "7"]
[White "Vallejo Pons,F"]
[Black "Maksimovic,Br"]
[Result "1-0"]
[WhiteElo "2702"]
[BlackElo "2423"]

1.e4 e6 2.d4 d5 3.Nc3 Nf6 4.Bg5 dxe4 5.Nxe4 Nbd7 6.Qf3 Be7 7.O-O-O Nxe4 8.Bxe7 Kxe7
9.Qxe4 Nf6 10.Qe3 Qd5 11.c4 Qa5 12.a3 Rd8 13.Nf3 Bd7 14.Ne5 c5 15.dxc5 Ba4
16.Rxd8 Rxd8 17.Be2 Nd7 18.Nxd7 Rxd7 19.h4 h6 20.g4 Bb3 21.Rg1 Kd8 22.f4 Qa4
23.g5 hxg5 24.hxg5 g6 25.Rh1 Ke7 26.f5  1-0